| 000 | 00497nam a22001457a 4500 | ||
|---|---|---|---|
| 082 |
_ap-438 (A) _bTC 1476 Ammar Aziz _cDon |
||
| 100 |
_aTC 1476 Ammar Aziz _948135 |
||
| 245 |
_aAnalysis of traffc congestion on rwalpindi mall road and suggesting its possible remedial measure _cTC 1476 Ammar Aziz |
||
| 260 |
_aRisalpur: _bTc Ammar Aziz _c2010 |
||
| 300 |
_aP57: _bill,; _c20cm |
||
| 526 |
_a0 _b0 _c0 _dP_000000000000000_438_A_TC_147 |
||
| 650 |
_aMCE _9379 |
||
| 700 |
_aMCE _923359 |
||
| 942 |
_2ddc _cBK |
||
| 999 |
_c551162 _d551162 |
||